1436 1303 1454 1579 1713 1112 1956 1222 1418 1308 1114 1705 1110 1146 1414 1403 1485 1916 1736 1236 1120 1582 1967 1861 1994 1185 1449 1219 1549 1349 1896 1814 1459 1320 1223 1645 1904 1420 1030 1255 1449 1131 1331 1457 1718 1844 1559 1994 1387 1214 1870 1955 1085 1644 1654 1139 1341 1000 1622 1553 1263 1953 1054 1841 1260 1052 1913 1903 1381 1113 1447 1137 1523 1460 1595 1484 1409 1680 1382 1905 1575 1772 1964 1486 1221 1379 1851 1457 1654 1518 1930 1106 1438 1802 1307 1463 1664 1369 1909 BCNSPRNW ULIB Ver.6.0+V

เปลี่ยนเป็นภาษาไทย

Change to English
 แสดงรายละเอียดบรรณานุกรม
  กลับหน้าหลัก

Brief Record : Get Marc (ISO 2709) : E-mail record : QR code < ปิดหน้าต่าง
LEADER : 00000nam 2200000uu 4500
001    13399121375
003     ULIB
008    121116s2550||||th 000 0 tha d
020    ^a9789747035841
050  4 ^aK7885^bช587ก
100 0  ^aชีวธันย์ ญาณากรสกุล
245 00 ^aก๊อบปี้ ตัดต่อ แปลงไฟล์ CD/DVD /^cชีวธันย์ ญาณากรสกุล
260    ^aกรุงเทพฯ :^bอี เอ็กซ์พี มีเดียว,^c2550
300    ^a271 หน้า :^bภาพประกอบ
650  7 ^aCD^xการตัดต่อ
650  7 ^aDVD^xการตัดต่อ
945    ^p139^l0^i15081
995    ^aวิภา
999 ^a ทศพร
รายการนี้ยังไม่มีแท็ก
คุณยังไม่ได้ล็อกอิน คุณสามารถมีกิจกรรมร่วมกับเว็บไซต์ได้ แต่ต้องล็อกอินก่อน ::
  ล็อกอิน

รายการสื่อสารสนเทศ

ลำดับที่ ประเภท เลขเรียก/บาร์โค้ด สถานที่ สถานะ
1. การศึกษาทั่วไป
การศึกษาทั่วไป
K7885 ช587ก  
  Barcode: 15081
ห้องสมุดวิทยาเขตสวรรค์ประชารักษ์
►หนังสือทั่วไป
บนชั้น

รายการใกล้เคียง
    ผู้แต่ง [ชีวธันย์ ญาณากรสกุล]

BibComment


ยังไม่เคยถูกคอมเมนท์

คอมเมนท์ทรัพยากรรายการนี้
  คอมเมนท์: ก๊อบปี้ ตัดต่อ แ..


 Copyright 2026. Bcnsprnw @Library